000 00793nam a2200229Ii 4500
003 JO-AjNU
008 230605s9999||||xx |||||||||||||| ||und||
017 _a2003/13325
020 _a977-01-8674-0
040 _aJO-AjNU
_bara
_erda
_cJO-AjNU
041 _aara
050 1 4 _aPJ7846.A435.A17 2003
100 3 _aإعداد محمود،سلوان,
_eauthor
_915138
245 0 0 _aالمختار من شعر محمود حسن إسماعيل
264 3 1 _aالقاهرة:مكتبة الأسرة،2003 ؛ مهرجان القراءة للجميع 2003
300 _a143ص
336 _atext
_btxt
_2rdacontent
337 _aunmediated
_bn
_2rdamedia
338 _avolume
_bnc
_2rdacarrier
490 0 _aسلسلة الروائع
650 4 _a الشعر العربي - تفسير ونقد
_915139
999 _aA4205
_c7773
_d7773